<?xml version="1.0" encoding="UTF-8"?>
<record
    xmlns:xsi="http://www.w3.org/2001/XMLSchema-instance"
    xsi:schemaLocation="http://www.loc.gov/MARC21/slim http://www.loc.gov/standards/marcxml/schema/MARC21slim.xsd"
    xmlns="http://www.loc.gov/MARC21/slim">

  <leader>01958nam a2200313 u 4500</leader>
  <controlfield tag="001">753360</controlfield>
  <controlfield tag="005">20260506093030.0</controlfield>
  <controlfield tag="008">020618s1999                        eng  </controlfield>
  <datafield tag="020" ind1=" " ind2=" ">
    <subfield code="a">0201186349</subfield>
  </datafield>
  <datafield tag="035" ind1=" " ind2=" ">
    <subfield code="a">753360</subfield>
  </datafield>
  <datafield tag="035" ind1=" " ind2=" ">
    <subfield code="a">(OCoLC)777826185</subfield>
  </datafield>
  <datafield tag="040" ind1=" " ind2=" ">
    <subfield code="c">comduadb</subfield>
  </datafield>
  <datafield tag="041" ind1=" " ind2=" ">
    <subfield code="a">eng</subfield>
  </datafield>
  <datafield tag="082" ind1=" " ind2="4">
    <subfield code="a">372</subfield>
  </datafield>
  <datafield tag="100" ind1="1" ind2="0">
    <subfield code="a">Maurer, Jay</subfield>
    <subfield code="4">aut</subfield>
    <subfield code="e">aut</subfield>
    <subfield code="9">357142</subfield>
  </datafield>
  <datafield tag="245" ind1="1" ind2="0">
    <subfield code="a">True colors basic. Workbook : an EFL course for real communication</subfield>
  </datafield>
  <datafield tag="260" ind1=" " ind2=" ">
    <subfield code="a">United States :</subfield>
    <subfield code="b">Longman,</subfield>
    <subfield code="c">&#xA9;1999.</subfield>
  </datafield>
  <datafield tag="300" ind1=" " ind2=" ">
    <subfield code="a">57 p.</subfield>
  </datafield>
  <datafield tag="520" ind1="3" ind2=" ">
    <subfield code="a">This is part of a five-level course for young adult and adult learners, specifically designed for international students. The course balances presentation, practice and production, ensuring the students feel prepared and ready to communicate in English. It carefully distinguishes between receptive and productive activities, because students can understand more difficult material than they can produce. The course aims to surround international students with the voice of the native speaker, supplying the rich listening practice they need. It tightly connects social language and grammar so that grammar is not taught in isolation, but with meaning and purpose. The course also aims to achieve real communication in the classroom through a combination of activities: "Improvise" encourages students to take new language and make it their own; "Heart to Heart" enables students to voice their own thoughts and views; and "In Your Own Words" activates intensive review and communication through full-page pictures.</subfield>
  </datafield>
  <datafield tag="650" ind1=" " ind2=" ">
    <subfield code="a">English language learning</subfield>
    <subfield code="9">80795</subfield>
  </datafield>
  <datafield tag="650" ind1=" " ind2="0">
    <subfield code="a">Ense&#xF1;anza y aprendizaje del idioma ingl&#xE9;s</subfield>
    <subfield code="9">78976</subfield>
  </datafield>
  <datafield tag="650" ind1=" " ind2="7">
    <subfield code="a">Ingl&#xE9;s</subfield>
    <subfield code="x">Ense&#xF1;anza</subfield>
    <subfield code="2">lemb</subfield>
    <subfield code="9">49481</subfield>
  </datafield>
  <datafield tag="650" ind1=" " ind2=" ">
    <subfield code="a">Textbooks</subfield>
    <subfield code="9">77708</subfield>
  </datafield>
  <datafield tag="650" ind1=" " ind2=" ">
    <subfield code="a">Libros de texto</subfield>
    <subfield code="9">42888</subfield>
  </datafield>
  <datafield tag="650" ind1=" " ind2="7">
    <subfield code="a">Ingl&#xE9;s</subfield>
    <subfield code="x">Ense&#xF1;anza</subfield>
    <subfield code="2">lemb</subfield>
    <subfield code="9">49481</subfield>
  </datafield>
  <datafield tag="700" ind1="1" ind2="0">
    <subfield code="a">Schoenberg, Irene E.</subfield>
    <subfield code="4">aut</subfield>
    <subfield code="e">aut</subfield>
    <subfield code="9">355188</subfield>
  </datafield>
  <datafield tag="700" ind1="1" ind2="0">
    <subfield code="a">Blackwell, Angela</subfield>
    <subfield code="4">aut</subfield>
    <subfield code="e">aut</subfield>
    <subfield code="9">355189</subfield>
  </datafield>
  <datafield tag="942" ind1=" " ind2=" ">
    <subfield code="c">BOOK</subfield>
  </datafield>
  <datafield tag="999" ind1=" " ind2=" ">
    <subfield code="c">245535</subfield>
    <subfield code="d">245535</subfield>
  </datafield>
  <datafield tag="952" ind1=" " ind2=" ">
    <subfield code="0">0</subfield>
    <subfield code="1">0</subfield>
    <subfield code="4">0</subfield>
    <subfield code="7">0</subfield>
    <subfield code="8">GENERAL</subfield>
    <subfield code="a">SIMI</subfield>
    <subfield code="b">SIMI</subfield>
    <subfield code="d">2002-08-20</subfield>
    <subfield code="i">C753327</subfield>
    <subfield code="l">0</subfield>
    <subfield code="o">372.6521 I/T865w v0 e2</subfield>
    <subfield code="p">61000004005910</subfield>
    <subfield code="r">2023-04-24 00:00:00</subfield>
    <subfield code="t">2</subfield>
    <subfield code="w">2023-04-24</subfield>
    <subfield code="y">BOOK</subfield>
  </datafield>
</record>
